Astronomy by Numbers Quiz Stats

Quiz Updated Dec 15, 2015

Also try: Solar System Moons
Challenge
Share
Tweet
Embed
Score 0/20 Timer 05:00
1 Play Today
Question 1, 2, 3, or 4 % Correct
Stars in our solar system???
88.2%
Terrestrial planets???
64%
Planets without moons???
62.2%
Voyager probes???
59.4%
Countries that have put a man on the Moon???
59.1%
Galilean moons of Jupiter???
55.7%
Planets smaller than Earth???
55.4%
Approximate distance in light years from the Sun to Proxima Centauri???
52.6%
People killed in the Apollo I disaster???
52.6%
Number of mirrors in a Newtonian telescope???
44.8%
Question 1, 2, 3, or 4 % Correct
Dwarf planets in the asteroid belt???
44.4%
Planets whose satellites are named for characters in English literature???
40.5%
Planets with rings???
37.3%
Callisto's ranking when ordering moons from largest to smallest???
35.3%
Approximate distance in light minutes from Earth to Mars (at closest approach)???
34.9%
Number of telescopes at the W.M. Keck Observatory???
33.9%
Crab Nebula designation: Messier ___???
33%
Constellations larger than Ursa Major???
29.9%
Moons that are larger than Mercury???
29.9%
Number of constellations that begin with 'V'???
13%

You're not logged in!

Compare scores with friends on all Sporcle quizzes.
Sign Up with Email
OR
Log In

You Might Also Like...

Show Comments

Extras

Top Quizzes Today


Score Distribution

Your Account Isn't Verified!

In order to create a playlist on Sporcle, you need to verify the email address you used during registration. Go to your Sporcle Settings to finish the process.